Regionalliga Bayern Teams 2025/26 - Statistiken

Allgemein
  • Dieses Quiz wurde 58 mal gespielt
  • Das Durchschnittsergebnis liegt bei 13 aus 18
Antwortstatistiken
Gründungs-
jahr
Vereinsname % Korrekt
1900 FC Bayern München II
92%
1900 1. FC Nürnberg II
88%
1907 FC Augsburg II
88%
1907 FC Würzburger Kickers
88%
1925 SpVgg Unterhaching
88%
1901 SV Viktoria Aschaffenburg
88%
1921 SpVgg Bayreuth
84%
1903 SpVgg Greuther Fürth II
84%
1847 TSV Schwaben Augsburg
75%
1921 FV Illertissen
69%
1930 SV Wacker Burghausen
69%
1907 FC Memmingen
67%
1967 DJK Vilzing
65%
1913 TSV Buchbach
57%
1909 SpVgg Ansbach
55%
1921 TSV Aubstadt
55%
1920 VFB Eichstätt
55%
1968 SpVgg Hankhofen-Hailing
41%
Keine übereinstimmenden Quizze gefunden
Verteilung der Resultate
Anzahl Personen mit jedem Resultat
Perzentil nach korrekt beantworteten Fragen
Ihre Resultats-Entwicklung
Sie haben dieses Quiz noch nicht gespielt